000 00226 a2200097 4500
001 48800
100 _aGeiger
245 _aVLSI Design techniques for analog & digital
260 _aN.Y
_bMcGraw-Hill
_c
090 _c31700
_d31700
942 _aNUST-CAE
_cM
_c24115
999 _c283873
_d283873